| 000 | 00565nam a2200133Ia 4500 | ||
|---|---|---|---|
| 008 | 171212s9999 xx 000 0 und d | ||
| 020 | _a9781921862472 | ||
| 245 |
_ceditor Liston, Jolie;Clark, Geoffrey;Alexander, Dwight _aPacific Island Heritage _bArchaeology, Identity & Community |
||
| 260 |
_bANU E Press _c2011 |
||
| 440 | _aTerra Australis | ||
| 650 | _aArchaeology | ||
| 650 | _aCultural property -- Protection -- Palau; Historic preservation -- Palau; Historic sites -- Palau; Archaeology -- Palau; Palau | ||
| 856 | _uwww.jstor.org/stable/10.2307/j.ctt24hbn0 | ||
| 999 |
_c351239 _d351239 |
||